000 00598nam a2200205Ia 4500
005 20250326144528.0
008 250326s9999 xx 000 0 und d
020 _a978-0-333-76014-7
037 _aTextbook
040 _aFMSL
_beng
_cFMSL
041 _aeng
_2eng
084 _aX9:51 P1;2
_qFMSL
100 _aFloch Jean-marie
_9747787
245 0 _aSemiotics, marketing and communication: beneath the signs the strategies
_cFloch Jean-marie
260 _aNY
_bNY, Palgrave
_c2001
300 _a225p
365 _b5965.5
942 _cTB
_hX9:51 P1;2
999 _c1304056
_d1304056